书目信息 |
| 题名: |
RFID与二维码技术
|
|
| 作者: | 肖志良 , 张文青 , 赵雪章 主编 | |
| 分册: | ||
| 出版信息: | 北京 电子工业出版社 2020.12 |
|
| 页数: | 10,199页 | |
| 开本: | 26cm | |
| 丛书名: | ||
| 单 册: | ||
| 中图分类: | TN911.23 , TP391.44 | |
| 科图分类: | ||
| 主题词: | 无线电信号--射频--信号识别--高等职业教育--教材 , 二维--条形码--高等职业教育--教材 | |
| 电子资源: | ||
| ISBN: | 978-7-121-36331-3 | |
| 000 | 01031nam0 2200289 45 | |
| 001 | 012001000525 | |
| 005 | 20130911152220.0 | |
| 010 | @a978-7-121-36331-3@dCNY31.50 | |
| 100 | @a20190805d2019 em y0chiy50 ea | |
| 101 | 0 | @achi |
| 102 | @aCN@b110000 | |
| 105 | @aa z 000yy | |
| 106 | @ar | |
| 200 | 1 | @aRFID与二维码技术@ARFID yu er wei ma ji shu@b专著@f肖志良,张文青,赵雪章主编 |
| 210 | @a北京@c电子工业出版社@d2020.12 | |
| 215 | @a10,199页@c图@d26cm | |
| 300 | @a职业教育物联网应用技术专业系列规划教材 | |
| 330 | @a本书共有11章,内容包括认知RFID、RFID系统的工作原理、RFID系统标准、RFID系统设计与实施、RFID系统典型应用、一维条形码与二维码技术等。 | |
| 606 | 0 | @a无线电信号@x射频@x信号识别@x高等职业教育@j教材 |
| 606 | 0 | @a二维@x条形码@x高等职业教育@j教材 |
| 690 | @aTN911.23@v5 | |
| 690 | @aTP391.44@v5 | |
| 701 | 0 | @a肖志良@Axiao zhi liang@4主编 |
| 701 | 0 | @a张文青@Azhang wen qing@4主编 |
| 701 | 0 | @a赵雪章@Azhao xue zhang@4主编 |
| 801 | 0 | @aCN@bBJSDL@c20211011 |
| 905 | @b1335390-3@dTN911.23@e375@f4 | |
| RFID与二维码技术/肖志良,张文青,赵雪章主编.-北京:电子工业出版社,2020.12 |
| 10,199页:图;26cm |
| 职业教育物联网应用技术专业系列规划教材 |
| ISBN 978-7-121-36331-3:CNY31.50 |
| 本书共有11章,内容包括认知RFID、RFID系统的工作原理、RFID系统标准、RFID系统设计与实施、RFID系统典型应用、一维条形码与二维码技术等。 |
| ● |
| 相关链接 |
|
|
|
|
正题名:RFID与二维码技术
索取号:TN911.23/375
 
预约/预借
| 序号 | 登录号 | 条形码 | 馆藏地/架位号 | 状态 | 备注 |
| 1 | 1335390 | 213353903 | 第二样本阅览室/ [索取号:TN911.23/375] | 在馆 | |
| 2 | 1335391 | 213353912 | 第三借阅区/ [索取号:TN911.23/375] | 在馆 | |
| 3 | 1335392 | 213353921 | 第三借阅区/ [索取号:TN911.23/375] | 在馆 | |
| 4 | 1335393 | 213353930 | 第三借阅区/ [索取号:TN911.23/375] | 在馆 |